00317nam a2200121Ia 4500003000400000008004100004082001500045100002400060245005800084260002900142300000800171650001600179OSt191201s2004 xx 000 0 und d a621.3bRAP aRASHID, Muhammad H. 0aPower Electronics Circuits, Devices, and Applications aNew DelhibPearsonc2004 a880 aB.Tech(ECE)